Koalícia kritizuje opozíciu, že v programe nevidí konkrétnosti Fico zase tvrdí, že vláda sa skrýva ...

Bibliographic Details
Main Authors: Živnerová, Lenka (Author), Pardubský, Lukáš (Author)
Format: Article
Language:Slovak
PhysicalDescription:Fotogr.
ISSN:1335-4671
Subjects:

MARC

LEADER 00000nab a2200000 a 4500
001 vtls000814387
003 SK-MaSNL
005 20260304015607.0
008 180206c2002 xo 0 slo
015 |a SNBRB2002/11-36269 
035 |a CLN000166042 
040 |a SNKBUCL  |b slo  |c SNKBUCL  |e AACR2 
041 0 |a slo 
044 |a xo  |c SK 
080 |a 328.1(437.6)  |2 UDC-MRF-SK2 
100 1 |a Živnerová, Lenka  |4 aut  |9 839082 
245 1 0 |a Koalícia kritizuje opozíciu, že v programe nevidí konkrétnosti  |b Fico zase tvrdí, že vláda sa skrýva ...  |c Lenka Živnerová, Lukáš Pardubský 
300 |b Fotogr. 
610 1 7 |a Slovensko.  |b Národná rada  |2 snkbucl  |9 165573 
655 7 |a články z novín a časopisov  |2 snkbucl  |9 267496 
700 1 |a Pardubský, Lukáš  |4 aut  |9 838434 
773 0 |x 1335-4671  |t Národná obroda  |g Roč. 13, č. 263[264] (13.11.2002), s. 2 
850 |a Slovenská národná knižnica v Martine 
852 |a SNK  |b KIS3GCP 
958 |a RBX 
999 |c 2592496  |d 2594426